[Event "Chateauroux op 15th"]
[Site "Chateauroux"]
[Date "2014.10.26"]
[Round "2"]
[White "Claudon, Andreas"]
[Black "Cassonnet, Arnaud"]
[Result "1-0"]
[WhiteElo "1479"]
[BlackElo "1730"]
[PlyCount "79"]
[EventDate "2014.10.25"]
[EventType "swiss"]
[EventRounds "7"]
[EventCountry "FRA"]
[SourceTitle "EXT 2015"]
[Source "ChessBase"]
[SourceDate "2014.11.20"]
[SourceVersion "1"]
[SourceVersionDate "2014.11.20"]
[SourceQuality "1"]

1. e4 d5 2. exd5 Qxd5 3. Qf3 Nf6 4. Nc3 Qxf3 5. Nxf3 Nc6 6. Nb5 Kd8 7. Ng5 Be6 8. Nxe6+ fxe6 9. Bc4 Nd5 10. 0-0 Na5 11. d3 a6 12. Nd4 Nxc4 13. Nxe6+ Kd7 14. Nxf8+ Rhxf8 15. dxc4 Nf6 16. Re1 Rae8 17. Be3 Kc8 18. Rad1 Rd8 19. h3 b6 20. Bg5 Rd7 21. Rxd7 Kxd7 22. f3 h6 23. Bh4 g5 24. Bf2 e6 25. Bd4 Ne8 26. Be5 Rf7 27. b3 a5 28. a4 Nd6 29. Kf2 Rf5 30. g4 Rf7 31. Kg3 Kc6 32. f4 Kd7 33. h4 gxh4+ 34. Kxh4 Re7 35. Kh5 Nf7 36. Kg6 Ke8 37. Rd1 c6 38. Bf6 Rb7 39. Re1 Rc7 40. Rxe6+ 1-0